Statistics for Japan or South Korea?

Click here to take the quiz!

General Stats

  • This quiz has been taken 100 times
  • The average score is 12 of 15

Answer Stats

QuestionAnswer% Correct
Capital is TokyoJapan
100%
Currency is YenJapan
99%
Has red on its flagBoth
95%
Has a higher mountainJapan
94%
Created SamsungSouth Korea
92%
Where the band Blackpink is fromSouth Korea
92%
That lies on the Pacific 'Ring of Fire'Japan
91%
Its national animal is a tigerSouth Korea
78%
Olympics had been held thereBoth
74%
Has a population higher than 100 millionJapan
72%
Is more south (Has a more southern area)Japan
72%
Has the Skytree towerJapan
65%
Hosted a FIFA World CupBoth
58%
The majority of the population are BuddhistsJapan
44%
Has a higher population densitySouth Korea
42%

Score Distribution

Percentile by Number Answered

Percent of People with Each Score

Your Score History

You have not taken this quiz